Normal view
MARC view
- Duncan, Mike,
Entry Personal Name
001 - CONTROL NUMBER
- control field: 93796
003 - CONTROL NUMBER IDENTIFIER
- control field: NUST
005 - DATE AND TIME OF LATEST TRANSACTION
- control field: 20220719115450.0
008 - FIXED-LENGTH DATA ELEMENTS
- fixed length control field: 220719|| aca||aabn | a|a d
040 ## - CATALOGING SOURCE
- Original cataloging agency: NUST
- Transcribing agency: NUST
100 ## - HEADING--PERSONAL NAME
- Personal name: Duncan, Mike,
- Dates associated with a name: 1980-
670 ## - SOURCE DATA FOUND
- Source citation: Work cat.: (NUST)0: Duncan, Mike, 1980- author., Hero of two worlds :
